<?xml version="1.0" encoding="UTF-8"?>
<record
    xmlns:xsi="http://www.w3.org/2001/XMLSchema-instance"
    xsi:schemaLocation="http://www.loc.gov/MARC21/slim http://www.loc.gov/standards/marcxml/schema/MARC21slim.xsd"
    xmlns="http://www.loc.gov/MARC21/slim">

  <leader>00522nam a2200193   4500</leader>
  <controlfield tag="003">SEACOMEC</controlfield>
  <controlfield tag="005">20250307131235.0</controlfield>
  <controlfield tag="008">240109b        |||||||| |||| 00| 0 eng d</controlfield>
  <datafield tag="020" ind1=" " ind2=" ">
    <subfield code="c">$7.90</subfield>
    <subfield code="a">978-0471164746</subfield>
  </datafield>
  <datafield tag="040" ind1=" " ind2=" ">
    <subfield code="a">SEACOMEC</subfield>
  </datafield>
  <datafield tag="082" ind1=" " ind2=" ">
    <subfield code="a">621.3822</subfield>
    <subfield code="b">H419</subfield>
  </datafield>
  <datafield tag="100" ind1=" " ind2=" ">
    <subfield code="a">Haykin,Simon</subfield>
  </datafield>
  <datafield tag="245" ind1="1" ind2=" ">
    <subfield code="a">Signals and systems/ </subfield>
    <subfield code="c">Simon Haykin  &amp; ,Barry Van Venn</subfield>
  </datafield>
  <datafield tag="250" ind1=" " ind2=" ">
    <subfield code="a">2nd ed.</subfield>
  </datafield>
  <datafield tag="260" ind1=" " ind2=" ">
    <subfield code="a">Singapore</subfield>
    <subfield code="b">John Wiley</subfield>
    <subfield code="c">2005</subfield>
  </datafield>
  <datafield tag="650" ind1=" " ind2=" ">
    <subfield code="a">Technology,Communications engineering</subfield>
  </datafield>
  <datafield tag="700" ind1=" " ind2=" ">
    <subfield code="a">Van Venn,Barry</subfield>
  </datafield>
  <datafield tag="942" ind1=" " ind2=" ">
    <subfield code="c">BOOK</subfield>
  </datafield>
  <datafield tag="952" ind1=" " ind2=" ">
    <subfield code="0">0</subfield>
    <subfield code="1">0</subfield>
    <subfield code="2">ddc</subfield>
    <subfield code="4">0</subfield>
    <subfield code="7">0</subfield>
    <subfield code="a">SEACOMEC</subfield>
    <subfield code="b">SEACOMEC</subfield>
    <subfield code="d">2006-06-04</subfield>
    <subfield code="l">0</subfield>
    <subfield code="o">621.3822 H419</subfield>
    <subfield code="p">01363</subfield>
    <subfield code="r">2024-01-09 12:45:25</subfield>
    <subfield code="w">2024-01-09</subfield>
    <subfield code="y">REF</subfield>
  </datafield>
  <datafield tag="952" ind1=" " ind2=" ">
    <subfield code="0">0</subfield>
    <subfield code="1">0</subfield>
    <subfield code="2">ddc</subfield>
    <subfield code="4">0</subfield>
    <subfield code="7">0</subfield>
    <subfield code="a">SEACOMEC</subfield>
    <subfield code="b">SEACOMEC</subfield>
    <subfield code="d">2006-06-04</subfield>
    <subfield code="l">0</subfield>
    <subfield code="o">621.3822 H419</subfield>
    <subfield code="p">01364</subfield>
    <subfield code="r">2025-03-07 13:09:17</subfield>
    <subfield code="t">1</subfield>
    <subfield code="w">2025-03-07</subfield>
    <subfield code="y">BOOK</subfield>
  </datafield>
  <datafield tag="952" ind1=" " ind2=" ">
    <subfield code="0">0</subfield>
    <subfield code="1">0</subfield>
    <subfield code="2">ddc</subfield>
    <subfield code="4">0</subfield>
    <subfield code="7">0</subfield>
    <subfield code="a">SEACOMEC</subfield>
    <subfield code="b">SEACOMEC</subfield>
    <subfield code="d">2006-06-04</subfield>
    <subfield code="l">0</subfield>
    <subfield code="o">621.3822 H419</subfield>
    <subfield code="p">01365</subfield>
    <subfield code="r">2025-03-07 13:09:17</subfield>
    <subfield code="t">2</subfield>
    <subfield code="w">2025-03-07</subfield>
    <subfield code="y">BOOK</subfield>
  </datafield>
  <datafield tag="952" ind1=" " ind2=" ">
    <subfield code="0">0</subfield>
    <subfield code="1">0</subfield>
    <subfield code="2">ddc</subfield>
    <subfield code="4">0</subfield>
    <subfield code="7">0</subfield>
    <subfield code="a">SEACOMEC</subfield>
    <subfield code="b">SEACOMEC</subfield>
    <subfield code="d">2006-06-04</subfield>
    <subfield code="l">0</subfield>
    <subfield code="o">621.3822 H419</subfield>
    <subfield code="p">01366</subfield>
    <subfield code="r">2025-03-07 13:09:17</subfield>
    <subfield code="t">3</subfield>
    <subfield code="w">2025-03-07</subfield>
    <subfield code="y">BOOK</subfield>
  </datafield>
  <datafield tag="952" ind1=" " ind2=" ">
    <subfield code="0">0</subfield>
    <subfield code="1">0</subfield>
    <subfield code="2">ddc</subfield>
    <subfield code="4">0</subfield>
    <subfield code="7">0</subfield>
    <subfield code="a">SEACOMEC</subfield>
    <subfield code="b">SEACOMEC</subfield>
    <subfield code="d">2006-06-04</subfield>
    <subfield code="l">0</subfield>
    <subfield code="o">621.3822 H419</subfield>
    <subfield code="p">01367</subfield>
    <subfield code="r">2025-03-07 13:09:17</subfield>
    <subfield code="t">4</subfield>
    <subfield code="w">2025-03-07</subfield>
    <subfield code="y">BOOK</subfield>
  </datafield>
  <datafield tag="952" ind1=" " ind2=" ">
    <subfield code="0">0</subfield>
    <subfield code="1">0</subfield>
    <subfield code="2">ddc</subfield>
    <subfield code="4">0</subfield>
    <subfield code="7">0</subfield>
    <subfield code="a">SEACOMEC</subfield>
    <subfield code="b">SEACOMEC</subfield>
    <subfield code="d">2008-03-29</subfield>
    <subfield code="l">0</subfield>
    <subfield code="o">621.3822 H419</subfield>
    <subfield code="p">4845</subfield>
    <subfield code="r">2025-03-07 13:14:18</subfield>
    <subfield code="t">5</subfield>
    <subfield code="w">2025-03-07</subfield>
    <subfield code="y">BOOK</subfield>
  </datafield>
  <datafield tag="952" ind1=" " ind2=" ">
    <subfield code="0">0</subfield>
    <subfield code="1">0</subfield>
    <subfield code="2">ddc</subfield>
    <subfield code="4">0</subfield>
    <subfield code="7">0</subfield>
    <subfield code="a">SEACOMEC</subfield>
    <subfield code="b">SEACOMEC</subfield>
    <subfield code="d">2008-03-29</subfield>
    <subfield code="l">0</subfield>
    <subfield code="o">621.3822 H419</subfield>
    <subfield code="p">4846</subfield>
    <subfield code="r">2025-03-07 13:14:18</subfield>
    <subfield code="t">6</subfield>
    <subfield code="w">2025-03-07</subfield>
    <subfield code="y">BOOK</subfield>
  </datafield>
  <datafield tag="952" ind1=" " ind2=" ">
    <subfield code="0">0</subfield>
    <subfield code="1">0</subfield>
    <subfield code="2">ddc</subfield>
    <subfield code="4">0</subfield>
    <subfield code="7">0</subfield>
    <subfield code="a">SEACOMEC</subfield>
    <subfield code="b">SEACOMEC</subfield>
    <subfield code="d">2008-03-29</subfield>
    <subfield code="l">0</subfield>
    <subfield code="o">621.3822 H419</subfield>
    <subfield code="p">4847</subfield>
    <subfield code="r">2025-03-07 13:14:18</subfield>
    <subfield code="t">7</subfield>
    <subfield code="w">2025-03-07</subfield>
    <subfield code="y">BOOK</subfield>
  </datafield>
  <datafield tag="952" ind1=" " ind2=" ">
    <subfield code="0">0</subfield>
    <subfield code="1">0</subfield>
    <subfield code="2">ddc</subfield>
    <subfield code="4">0</subfield>
    <subfield code="7">0</subfield>
    <subfield code="a">SEACOMEC</subfield>
    <subfield code="b">SEACOMEC</subfield>
    <subfield code="d">2008-03-29</subfield>
    <subfield code="l">0</subfield>
    <subfield code="o">621.3822 H419</subfield>
    <subfield code="p">4848</subfield>
    <subfield code="r">2025-03-07 13:14:18</subfield>
    <subfield code="t">8</subfield>
    <subfield code="w">2025-03-07</subfield>
    <subfield code="y">BOOK</subfield>
  </datafield>
  <datafield tag="952" ind1=" " ind2=" ">
    <subfield code="0">0</subfield>
    <subfield code="1">0</subfield>
    <subfield code="2">ddc</subfield>
    <subfield code="4">0</subfield>
    <subfield code="7">0</subfield>
    <subfield code="a">SEACOMEC</subfield>
    <subfield code="b">SEACOMEC</subfield>
    <subfield code="d">2008-03-29</subfield>
    <subfield code="l">0</subfield>
    <subfield code="o">621.3822 H419</subfield>
    <subfield code="p">4849</subfield>
    <subfield code="r">2025-03-07 13:14:18</subfield>
    <subfield code="t">9</subfield>
    <subfield code="w">2025-03-07</subfield>
    <subfield code="y">BOOK</subfield>
  </datafield>
  <datafield tag="952" ind1=" " ind2=" ">
    <subfield code="0">0</subfield>
    <subfield code="1">0</subfield>
    <subfield code="2">ddc</subfield>
    <subfield code="4">0</subfield>
    <subfield code="7">0</subfield>
    <subfield code="a">SEACOMEC</subfield>
    <subfield code="b">SEACOMEC</subfield>
    <subfield code="d">2009-03-03</subfield>
    <subfield code="l">0</subfield>
    <subfield code="o">621.3822 H419</subfield>
    <subfield code="p">14076</subfield>
    <subfield code="r">2025-03-07 13:14:51</subfield>
    <subfield code="t">10</subfield>
    <subfield code="w">2025-03-07</subfield>
    <subfield code="y">BOOK</subfield>
  </datafield>
  <datafield tag="952" ind1=" " ind2=" ">
    <subfield code="0">0</subfield>
    <subfield code="1">0</subfield>
    <subfield code="2">ddc</subfield>
    <subfield code="4">0</subfield>
    <subfield code="7">0</subfield>
    <subfield code="a">SEACOMEC</subfield>
    <subfield code="b">SEACOMEC</subfield>
    <subfield code="d">2009-03-03</subfield>
    <subfield code="l">0</subfield>
    <subfield code="o">621.3822 H419</subfield>
    <subfield code="p">14077</subfield>
    <subfield code="r">2025-03-07 13:14:51</subfield>
    <subfield code="t">11</subfield>
    <subfield code="w">2025-03-07</subfield>
    <subfield code="y">BOOK</subfield>
  </datafield>
  <datafield tag="952" ind1=" " ind2=" ">
    <subfield code="0">0</subfield>
    <subfield code="1">0</subfield>
    <subfield code="2">ddc</subfield>
    <subfield code="4">0</subfield>
    <subfield code="7">0</subfield>
    <subfield code="a">SEACOMEC</subfield>
    <subfield code="b">SEACOMEC</subfield>
    <subfield code="d">2009-03-03</subfield>
    <subfield code="l">0</subfield>
    <subfield code="o">621.3822 H419</subfield>
    <subfield code="p">14078</subfield>
    <subfield code="r">2025-03-07 13:14:51</subfield>
    <subfield code="t">12</subfield>
    <subfield code="w">2025-03-07</subfield>
    <subfield code="y">BOOK</subfield>
  </datafield>
  <datafield tag="952" ind1=" " ind2=" ">
    <subfield code="0">0</subfield>
    <subfield code="1">0</subfield>
    <subfield code="2">ddc</subfield>
    <subfield code="4">0</subfield>
    <subfield code="7">0</subfield>
    <subfield code="a">SEACOMEC</subfield>
    <subfield code="b">SEACOMEC</subfield>
    <subfield code="d">2009-03-03</subfield>
    <subfield code="l">0</subfield>
    <subfield code="o">621.3822 H419</subfield>
    <subfield code="p">14079</subfield>
    <subfield code="r">2025-03-07 13:14:51</subfield>
    <subfield code="t">13</subfield>
    <subfield code="w">2025-03-07</subfield>
    <subfield code="y">BOOK</subfield>
  </datafield>
  <datafield tag="952" ind1=" " ind2=" ">
    <subfield code="0">0</subfield>
    <subfield code="1">0</subfield>
    <subfield code="2">ddc</subfield>
    <subfield code="4">0</subfield>
    <subfield code="7">0</subfield>
    <subfield code="a">SEACOMEC</subfield>
    <subfield code="b">SEACOMEC</subfield>
    <subfield code="d">2009-03-03</subfield>
    <subfield code="l">0</subfield>
    <subfield code="o">621.3822 H419</subfield>
    <subfield code="p">14080</subfield>
    <subfield code="r">2025-03-07 13:14:51</subfield>
    <subfield code="t">14</subfield>
    <subfield code="w">2025-03-07</subfield>
    <subfield code="y">BOOK</subfield>
  </datafield>
  <datafield tag="999" ind1=" " ind2=" ">
    <subfield code="c">437</subfield>
    <subfield code="d">437</subfield>
  </datafield>
</record>
